000 00730cam a22002171 4500
001 sa 64007929
003 DLC
005 20260227112051.0
008 860206s1964 io c 000 0 ind
010 _asa 64007929
025 _aPL480:Indo-772
035 _a(OCoLC)13116058
040 _aDLC
_cKyU
_dKyU
_dDLC
042 _apremarc
050 0 0 _aDS644.2.1964
_b.S83
100 0 _aSoekarno,
_d1901-1970.
245 1 0 _aDwikomando rakjat untuk pengganjangan "Malaysia."
_bAmanat pada appel-besar sukarelawan pengganjangan "Malaysia" pada tanggal 3 Mei 1964 didepan Istana Merdeka Djakarta.
260 _a[Djakarta]
_bDepartemen Penerangan
_c[cover 1964]
300 _a27 p.
_bport.
_c21 cm.
500 _a"Penerbitan chusus, 314."
999 _c60595
_d60595